000 01409ngm a22003610a 4500
001 PT41446
003 AR-LpoUNG
005 20210201235916.0
007 vd cvaizq
008 191001s1972||||ag |||||||||||||||||spa d
037 _c$8.75
040 _aAR-LpoUNG
_bspa
_cAR-LpoUNG
_eaacr
041 _aspa
044 _aag
082 0 _a982.063 558swi
100 1 _aGleyzer, Raymundo
_edir.
245 1 0 _aSwift 1971 :
_bcrónica del secuestro y liberación del cónsul inglés en Rosario, representante del frigorífico
260 _aBuenos Aires :
_bBlackman,
_c[1972].
300 _aDVD (12 min.) : son., byn
505 0 _aHecha en 1971. - Lectura en sala. 00047539
520 _aLa idea que da origen a este breve trabajo está convenientemente expuesta en su desarrollo. Se trata de dar cuenta del secuestro, y posterior liberación del cónsul inglés en Rosario, también director del Frigorífico Swift, en mayo de 1971, al ser aceptada la propuesta de los captores: cambiar al funcionario por frazadas y alimentos para los trabajadores y ex trabajadores de dicha industria.
650 4 _aARGENTINA
650 4 _aCONFLICTOS SOCIALES
650 4 _aDICTADURA
650 4 _aMOVIMIENTOS DE LIBERACION NACIONAL
650 4 _aMOVIMIENTOS SOCIALES
651 4 _aArgentina
653 _aCINE ARGENTINO
653 _aDOCUMENTALES
653 _aVIDEOS
905 _a41446
942 _cDVD
999 _c53756
_d53756